| 000 | 00420nam a2200157Ia 4500 | ||
|---|---|---|---|
| 008 | 230917s9999||||xx |||||||||||||| ||und|| | ||
| 040 |
_e225693 _aMAIN |
||
| 041 | _aEnglish | ||
| 082 | _a005.55 K727I | ||
| 100 | _aknapp, Herschel | ||
| 245 | 0 | _aIntroductory statistics: Using SPSS | |
| 260 |
_aLos Angeles _bSage Publications _c2014 |
||
| 300 | _axxi, 433 p. | ||
| 500 | _a2005 03/03/2015 Main Budget | ||
| 942 | _cBK | ||
| 999 |
_c15008 _d15008 |
||